000 00752nab a22002297a 4500
001 16209
003 HDC
007 cr bn ---aaaaa
008 210128c99999999my ||||o |||| 00| 00may d
040 _aHDC
245 0 _aSudah-Sudahlah Fitnah McDonald's Malaysia, kini "Quarter Pounder" pula jadi mangsa
336 _atext
_2rdacontent
337 _acomputer
_2rdamedia
338 _aonline resource
_2rdacarrier
650 _aHalal food industry
_9128
650 _aRestaurant
_99782
710 _aKl Chronicle
856 _zRequest full-text at [email protected]
942 _2lcc
942 _cNEWS
942 _kNWSO 003254
999 _c13525
_d13525